| 000 | 01951nam0a2200361 4500 | ||
|---|---|---|---|
| 001 | RU\NLR\BIBL_A\022179503 | ||
| 005 | 20260420003723.0 | ||
| 010 |
_a978-5-7598-3002-3 _9100 |
||
| 021 |
_aRU _bКН-П-24-009616 _9КН-П-24-0992 |
||
| 035 | _a(NLR Aleph) 022179503 | ||
| 090 |
_a13658824 _c13658824 |
||
| 100 | _a20240326d2023 u y0rusy50 ca | ||
| 101 | 0 | _arus | |
| 102 | _aRU | ||
| 105 | _ay 000|y | ||
| 120 | _abya xx|| | ||
| 181 | 1 |
_ai _b e |
|
| 182 | 1 | _an | |
| 200 | 1 |
_aТренды трансформации образования и рынка труда _bКарты _eсемантический атлас _fавт. кол.: Л. М. Гохберг, М. В. Сварчевская, Е. Е. Хабирова [и др.] _gпод ред. Л. М. Гохберга _gНИУ Высшая школа экономики |
|
| 203 |
_aТекст _bвизуальный _cнепосредственный |
||
| 210 |
_aМосква _cИСИЭЗ ВШЭ _d2023 |
||
| 215 |
_a1 т. (136 с.) _cцв., текст, табл., диагр., граф. _d30х42х1 см |
||
| 300 | _aВ надзаг.: Институт статистических исследований и экономики знаний, Мониторинг экономики образования, Система интеллектуального анализа больших данных | ||
| 300 | _aВых. дан. парал. англ. | ||
| 606 | 1 |
_aЭкономика. Экономические науки -- Российская Федерация -- Научно-техническая политика -- Семантический атлас _2rubbk |
|
| 675 |
_a002.6(084) _v4 |
||
| 686 |
_a78.6я6 _2rubbks |
||
| 686 |
_aУ9(2)0-55-18я61 _2rubbk |
||
| 702 | 1 |
_aГохберг _bЛ. М. _f1961- _gЛеонид Маркович _4340 |
|
| 852 |
_aNLR _bК _jСпр/743 _m92732 _t92733 |
||
| 942 | _cBOOK | ||
| 980 | _aNB | ||